000 01000 a2200229 4500
003 NALT
005 20230209074829.0
008 200804b th ||||| |||| 00| 0 tha d
020 _a9786164456723
040 _aNALT
050 _aH 62.A9
_bช685ท 2560
100 0 _aชูศรี วงศ์รัตนะ
_946519
245 1 0 _aเทคนิคการสร้างเครื่องมือวิจัย :
_bแนวทางการนำไปใช้อย่างมืออาชีพ /
_cชูศรี วงศ์รัตนะ.
250 _aพิมพ์ครั้งที่ 1.
260 _aกรุงเทพฯ :
_bอมรการพิมพ์,
_c2560.
300 _a228 หน้า :
_bภาพประกอบ, ตาราง ;
_c21 ซม.
650 4 _920649
_aแบบสอบถาม
650 0 _aวิจัย
_915558
850 _aNALT
942 _2lcc
_cGB
998 _aphon
_bphon
_cphon
_j
_kCRON CRON
999 _c97460
_d97460